Teatro irlandés contemporáneo / (Record no. 128946)

MARC details
000 -LEADER
campo de control de longitud fija 01381nam a2200289 i 4500
001 - NÚMERO DE CONTROL
campo de control 128946
003 - IDENTIFICADOR DE NÚMERO DE CONTROL
campo de control ES-MaACL
005 - FECHA Y HORA DE LA ÚLTIMA TRANSACCIÓN
campo de control 20250910213919.0
007 - CAMPO FIJO DE DESCRIPCIÓN FÍSICA--INFORMACIÓN GENERAL
campo de control de longitud fija t|
008 - DATOS DE LONGITUD FIJA--INFORMACIÓN GENERAL
campo de control de longitud fija 070531s1963 sp ||||1| spa d
080 ## - NÚMERO DE LA CLASIFICACIÓN DECIMAL UNIVERSAL
Número de la Clasificación Decimal Universal 821.111(417)-2"18"/19"(082.2)
245 00 - MENCIÓN DEL TÍTULO
Título Teatro irlandés contemporáneo /
Mención de responsabilidad, etc. traducciones del inglés por Luis Escolar, Isabel Gil de Ramales, Amando Lázaro Ros, Charles David Ley, Juan Martín y Victor Sánchez de Zavala ; prólogo de Charles David Ley.
260 ## - PUBLICACIÓN, DISTRIBUCIÓN, ETC.
Lugar de publicación, distribución, etc. Madrid :
Nombre del editor, distribuidor, etc. Aguilar,
Fecha de publicación, distribución, etc. [1963]
300 ## - DESCRIPCIÓN FÍSICA
Extensión 378 p. :
Otras características físicas il. ;
Dimensiones 20 cm.
490 1# - MENCIÓN DE SERIE
Mención de serie Colección Teatro Contemporaneo
505 8# - NOTA DE CONTENIDO CON FORMATO
Nota de contenido con formato Contiene: La condesa Catalina / W.B. Yeats.-- El saltimbanqui del mundo occidental / J.M. Synge.-- A la salida de la luna / Lady Gregory.-- Una noche en la posada / Lord Dunsany.-- Juno y el pavo real / Sean O'Casey.-- La luna en el río amarillo / Denis Johnston
700 1# - ENTRADA AGREGADA--NOMBRE PERSONAL
Nombre de persona Escolar, Luis.
9 (RLIN) 47603
700 1# - ENTRADA AGREGADA--NOMBRE PERSONAL
Nombre de persona Gil de Ramales, Isabel.
9 (RLIN) 56799
700 1# - ENTRADA AGREGADA--NOMBRE PERSONAL
Nombre de persona Lázaro Ros, Amando.
9 (RLIN) 70807
700 1# - ENTRADA AGREGADA--NOMBRE PERSONAL
Nombre de persona Ley, Charles David,
Fechas asociadas al nombre 1913-1996
9 (RLIN) 72088
700 1# - ENTRADA AGREGADA--NOMBRE PERSONAL
Nombre de persona Martín, Juan.
9 (RLIN) 77330
700 1# - ENTRADA AGREGADA--NOMBRE PERSONAL
Nombre de persona Sánchez de Zavala, Víctor,
Fechas asociadas al nombre 1926-1996
9 (RLIN) 102601
700 1# - ENTRADA AGREGADA--NOMBRE PERSONAL
Nombre de persona Ley, Charles David,
Fechas asociadas al nombre 1913-1996
9 (RLIN) 72088
830 00 - PUNTO DE ACCESO ADICIONAL DE SERIE-TÍTULO UNIFORME
Título uniforme Colección teatro contemporáneo (Aguilar)
9 (RLIN) 219312
852 ## - LOCALIZACIÓN
Ubicación ES-MaACL
Número de control de estantería C-24910
Sublocalización o colección R.53605
Holdings
Estatus retirado Estado de pérdida Estado de daño No para préstamo Biblioteca de origen Biblioteca actual Ubicación en estantería Fecha de adquisición Fuente de adquisición Total de préstamos Signatura topográfica completa Código de barras Visto por última vez Precio de reemplazo Tipo de ítem Koha
        Biblioteca del Ateneo de Madrid Biblioteca del Ateneo de Madrid Depósito 2 17/01/2008     C-24910 1134285 23/02/2023 23/02/2023 Libro impreso